Statistics for MLB 1B national leauge silver sluggers

Click here to take the quiz!

General Stats

  • This quiz has been taken 19 times
  • The average score is 23 of 42

Answer Stats

HintNL% Correct
2004Albert Pujols
93%
2010Albert Pujols
93%
2009Albert Pujols
93%
2008Albert Pujols
93%
2006Ryan Howard
80%
2021Freddie Freeman
73%
2019Freddie Freeman
73%
2020Freddie Freeman
73%
1985Jack Clark
73%
1987Jack Clark
73%
1989Will Clark
73%
1991Will Clark
73%
2014Adrian Gonzalez
67%
1984Keith Hernandez
67%
1980Keith Hernandez
67%
2013Paul Goldschmidt
67%
2018Paul Goldschmidt
67%
2017Paul Goldschmidt
67%
2015Paul Goldschmidt
67%
2016Anthony Rizzo
60%
2000Todd Helton
60%
2003Todd Helton
60%
2002Todd Helton
60%
2001Todd Helton
60%
2007Prince Fielder
53%
2011Prince Fielder
53%
1994Jeff Bagwell
47%
1997Jeff Bagwell
47%
1999Jeff Bagwell
47%
1996Andres Galarraga
33%
1988Andres Galarraga
33%
1990Eddie Murray
33%
1992Fred McGriff
33%
1993Fred McGriff
33%
2005Derrek Lee
27%
1986Glenn Davis
27%
1998Mark McGwire
27%
1981Pete Rose
20%
1982Al Oliver
13%
2012Adam LaRoche
0%
1995Eric Karros
0%
1983George Hendrick
0%

Score Distribution

Percentile by Number Answered

Percent of People with Each Score

Your Score History

You have not taken this quiz